Statistiques concernant Les trois religions monothéistes : l'Islam

Cliquez ici pour prendre le quiz!

Statistiques générales

  • Ce quiz a été pris 18 554 fois
  • Le résultat moyen est 20 sur 31

Statistiques - réponses

QuestionRéponses% Correct
Livre sacréCoran
99%
Nom de Dieu en arabeAllah
98%
Le dernier prophèteMuhammad
94%
Les trois villes saintesLa Mecque
93%
Que signifie "Allahu Akbar"?Dieu est le plus grand
84%
Couleur de l'IslamVert
84%
Personne qui dirige la prièreImam
83%
Lieu de culteMosquée
83%
Les trois villes saintesJérusalem
80%
Mois le plus saintRamadan
78%
Les trois villes saintesMédine
73%
Symboles de l'IslamCroissant
72%
5 piliers de l'islamSalat (5 prières quotidiennes)
71%
Principales branchesSunnisme
64%
Principales branchesChiisme
63%
Ce qui est interditHaram
63%
Pays avec le plus de musulmansIndonésie
63%
Symboles de l'IslamEtoile
61%
Chapitres du livre sacréSourate
61%
5 piliers de l'islamZakat (aumône)
60%
Ce qui est permisHalal
58%
5 piliers de l'islamHajj (pèlerinage)
56%
Bâtiment en forme de cube et lieu le plus saint de l'IslamKaaba
56%
5 piliers de l'islamSaoum (jeûne)
55%
Loi islamiqueCharia
52%
Guerre sainteJihad
45%
Signification du mot "Islam"Soumission
41%
5 piliers de l'islamChahada (profession de foi)
38%
Personne qui appelle à la prièreMuezzin
32%
Direction vers laquelle on prieQibla
23%
Principales branchesIbadisme
8%

Distribution des résultats

Percentile par nombre de réponses

% des personnes avec chaque résultat

Votre développement - résultats

Vous n’avez pas pris ce quiz